01187nam a2200289 a 4500952013200000999001700132001000800149003000400157005001700161008004100178010001700219020004200236040001900278043001200297050002200309082002000331100003900351245010100390260004800491300001700539500005700556500002000613505015500633650001800788906004500806942004600851 00102ddc40708ARTSaMESbMEScARTSd2019-02-20g175.00l0o737.4954 VAL/Cp35547r2019-02-20 00:00:00w2019-02-20yBKzU22R5 c21453d214531893705OSt20200612100401.0830810r19831914ii ab 001 0 eng  a 83900469  cRs200.00 ($40.00 U.S.)a9788175364516 aDLCcoclcdDLC aa-ii---00aCJ3540b.V33 198300a737.4954bVAL/C aValentine, W Hq(William H.)9281014aThe copper coins of India :bincluding Bangladesh, Burma, Nepal, and Pakistan /cW.H. Valentine. aNew Delhi :bLow Price Publications,c2008. a266pc25 cm. aReprint. Originally published: London : Spike, 1914. aIncludes index.0 apt. 1. Bengal and the United Provinces -- pt. 2. The Panjab and contiguous native states of Bahawalpur, Baluchistan, Chamba, Kashmir, Patiala, Sirmur. 0aCoins, Indic. a7bcbccorignewd4encipf19gy-gencatlg 2ddccBKh737.4954iVAL/Ck737.4954mVAL/C